000 00347nam a2200145Ia 4500
008 220805s9999 xx 000 0 und d
041 _aeng
082 _a944.04
100 _aCarlyle,Thomas
_988847
260 _aNew York
_bE.P. Dutton and co.
_c1955
245 _aThe French revolution
250 _a1
300 _a351
650 _aFrance
_988848
999 _c48886
_d48886